00461 a2200157 450000100060000008200170000609000170002310000180004024500590005825000060011726000220012330000130014594200270015899900190018595200990020464494 a629.1341 MEG c38122d38122 aMegson, T H G aAir craft structures for engineering studentshEnglsih a3 aOxfordbE Hc1999 ax, 590p. aNUST CAEk629.1341 MEG c299567d299567 001040708NFICaCAEbCAEd2017-04-03l0o629.1341 MEGpCAEN-1746r2017-04-05w2017-04-05yBK